| 000 | 00797nam a22001697a 4500 | ||
|---|---|---|---|
| 008 | 100805s1996 sy|||||r|||| 000 0dara d | ||
| 082 |
_a320.9531 _bح م ز |
||
| 100 |
_917081 _aحمزة، عادل |
||
| 245 |
_aالمملكة العربية السعودية: _bدين ودولة / _cتأليف عادل حمزة |
||
| 260 |
_a[سوريا] : _bمكتبة نور الصباح ، _c[1996] |
||
| 300 |
_a560 ص ؛ _c20 سم |
||
| 504 | _aيحتوي على إرجاعات ببليوجرافية | ||
| 541 | _cشراء ؛ | ||
| 651 |
_917082 _aالسعودية _xالأحوال السياسية |
||
| 942 |
_2ddc _cBB |
||
| 999 |
_c14613 _d14613 |
||